000 00620nam a22002177a 4500
003 OSt
005 20251023064342.0
008 250930b |||||||| |||| 00| 0 eng d
020 _a978-0-470-13045-2.
040 _aDWCL-Main lib
_cOC
082 _aCirc. 641.5973 Al469w 2008
100 _aAltman. Joey
245 _aWithout reservations
260 _aN. J. :
_bJohn Wiley & Sons, Inc.,
_cc2008.
300 _axiv, 274 pages :
_bcolored illustration ;
_c24 cm.
504 _aIncludes index.
650 _21. American cooking.
651 _22. Cooking.
700 _aSchacht, Jennie
942 _2ddc
_cBK-CIRC
_kCirc.
_n0
999 _c4576
_d4576